00297nam a2200121Ia 4500008004100000082001800041100001900059245003500078250000800113260003800121300000800159650000800167191201s2010 xx 000 0 und d a658.4038bVAM aVARSHNEY,Gagan 0aManagement Information Systems a1st aN. DelhibGlobal Vision Pubc2010 a344 aBBA